00478nam a22001337a 4500008004100000020001800041050002300059100006500082245006900147260004600216300003400262650002700296650002100323240520b |||||||| |||| 00| 0 eng d a9789966131102 aHD6059 b.K83 2019 aKenya Universities and Colleges Central Replacement Services aThe essential Career guide:bmaking an informed choice /cKUCCPS aNairobi :bKenya Literature Bureau,c2019 axviii,204p. :bcol,ill. ;ccm aCareer Guidevhandbook aAligning Careers